000
00317nam a22001457a 4500
008
230419b ||||| |||| 00| 0 eng d
020
_a
2900199778552
041
_a
eng
080
_a
94
082
_a
94FIN
100
_a
28
101
_a
HISTO
245
_a
WORKERS ACROSS THE AMERICAS
_c
FINK .L
942
_2
udc
_c
BK
999
_c
59617
_d
59617